000 00931cam a2200241 4500
001 ABS63995
008 000000n2001 000 0 eng u
035 _a(Sirsi) u112680
100 _aCroshwaite, R
245 _aLash the dinghies together
260 _c2001
490 _aEstates Gazette
_v(0118) 5 May 2001, 155(1)
520 _aSuggests that the commercial property sector should copy the residential sector's collective approach to producing good quality property websites. Highlights the success of several property websites in the residential field, and points to the lack of a proper UK business-to-business model for commercial property.
590 _aABS
650 _aPROPERTY-COMMERCIAL PROPERTY
650 _aRESIDENTIAL PROPERTY
_96266
650 _aWEBSITES
650 _aPROPERTY INDUSTRY
650 _aE-COMMERCE
650 _aINTERNET
690 _aINFORMATION TECHNOLOGY-INTERNET
942 _n0
999 _c67073
_d67073